Представление документа в формате RUSMARC

ПолеНазваниеЗначение
  Тип записи a
  Библиографический уровень m
001 Контрольный номер RU/SLIB/B/208790807
005 Дата корректировки 20201206204418.9
010 Индекс ISBN __
a ISBN 5-98724-004-2
d Цена 210-00
100 Данные общей обработки __
a Данные общей обработки 19050622d2004 |||y0rusy0189 ca
101 Язык документа 0_
a Язык текста rus
102 Страна публикации __
a Страна публикации RU
105 Кодированные данные (монография) __
a Кодированные данные (монография) y |||||||zy
200 Заглавие и сведения об ответственности 1_
a Заглавие Справочник фармакологии спорта
e Сведения, относящиеся к заглавию лекарств. препараты спорта : справ. пособие
f Первые сведения об ответственности Д. О. Кулиненков, О. С. Кулиненков
b Общее обозначение материала Текст
205 Сведения об издании __
a Основные сведения об издании 3-е изд., доп. и перераб.
210 Выходные данные __
a Место издания М.
c Издательство ТВТ Дивизион
d Дата издания 2004
215 Физическое описание __
a Объем 307 с.
300 Общие примечания __
a Общие примечания Прил.: с. 265-303
320 Библиография __
a Библиография Алф. указ.: с. 5-10.- Рек. лит.: с. 305-307
327 Примечание о содержании __
a Примечание о содержании Правила приема препаратов
330 Аннотация __
a Аннотация Основные фармакологические препараты, применяемые в спорте. Классификация препаратов спорта. Даны описания активных веществ. Представлены клинико-фармакологические группы спорта.
606 Тематические рубрики __
a Основная рубрика Здравоохранение. Медицинские науки
606 Тематические рубрики __
a Основная рубрика Фармакология
610 Ключевые слова __
a Ключевые слова фармакология спорта; лекарственные препараты; фармакологические препараты; допинг; спортивное питание
686 Индексы других классификаций __
a Классификационный индекс 52.817я22
700 Автор _1
a Фамилия Кулиненков
b Имя Д. О.
g Полное личное имя Дмитрий Олегович
4 Код отношения 070
702 Вторичная интеллектуальная ответственность _1
a Фамилия Кулиненков
b Имя О. С.
4 Код отношения Автор
g Полное личное имя Олег Семенович
4 Код отношения 070
801 Источник записи _0
a Страна RU
b Организация Муниципальное бюджетное учреждение культуры "Централизованная библиотечная система" г. Сургут (Центральная городская библиотека им. А. С. Пушкина)
c Дата составления 20050622
g Правила каталогизации КиК/Поспелова
801 Источник записи _1
a Страна RU
b Организация Муниципальное бюджетное учреждение культуры "Централизованная библиотечная система" г. Сургут (Центральная городская библиотека им. А. С. Пушкина)
c Дата составления 20050622
g Правила каталогизации КиК/Поспелова
852 Данные о местонахождении __
j Шифр хранения 52.817я22
c Каталожный индекс 52.81я2
i Авторский знак К 90
901 Тип документа __
t Тип документа m
903 Характеристики (МАРС) __
a Дата передачи 20060721
969 Тип издания __
a Тип издания справочник
990 Данные о заказе (DOS) __
j Количество экземпляров (DOS) 2
t N записи в КСУ для И/У (DOS) 200608